Mississippi Cities - 10 Biggest (Population) - Statistics

General Stats
  • This quiz has been taken 21 times
  • The average score is 6 of 10
Answer Stats
Hint Answer % Correct
141,499 Jackson
100%
48,144 Biloxi
79%
74,621 Gulfport
79%
48,522 Hattiesburg
68%
37,946 Tupelo
68%
39,968 Meridian
53%
57,493 Southaven
53%
29,304 Greenville
32%
22,932 Pascagoula
32%
38,000 Olive Branch
26%
No matching quizzes found
Score Distribution
Percent of People with Each Score
Percentile by Number Answered
Your Score History
You have not taken this quiz